El futuro de la democracia

Saved in:
Bibliografiske detaljer
Hovedforfatter: Bobbio, Norberto (autor)
Format: Bog
Sprog:spansk
Udgivet: Ciudad de México Fondo de Cultura Económica 2001
Udgivelse:3a. ed
Serier:Colección Política y Derecho
Fag:
Tags: Tilføj Tag
Ingen Tags, Vær først til at tagge denne postø!

MARC

LEADER 00000cam a2200000 a 4500
001 UCJ2265
003 CL-VaPUC
008 061201e20010000MX |||||||||||||||||spa|d
020 |a 9681665058 
082 0 4 |a 321.4  |b BOB  |2 21 
100 |a Bobbio, Norberto  |e autor  |9 257371 
245 1 3 |a El futuro de la democracia 
250 |a 3a. ed 
300 |a 214 p 
942 |c BK 
945 |d 20061201 00:00:00  |a jtorresc 
260 |a Ciudad de México  |b Fondo de Cultura Económica  |c 2001 
650 0 |a Democracia  |9 255256 
650 0 |a Liberalismo  |9 255715 
650 7 |a FILOSOFIA POLITICA  |2 CL-VaPUC  |9 503234 
650 0 |a Poder político  |9 255509 
650 0 |a Globalización  |9 361930 
583 |a last modification  |c 20150903 12:14:43  |k Rodrigo Vera 
490 0 |a Colección Política y Derecho 
999 |c 318615  |d 318613 
952 |0 0  |1 0  |4 0  |6 321_400000000000000_BOB_2001  |7 0  |8 A  |9 396554  |a BIBEDU  |b BIBEDU  |d 2019-11-22  |i 4304004  |o 321.4 BOB 2001  |p 4304004  |r 2019-11-22  |w 2019-11-22  |y BK  |k EPE 
952 |0 0  |1 0  |3 erb  |4 0  |6 321_400000000000000_BOB_2001  |7 0  |8 A  |9 396555  |a BIBEDU  |b BIBEDU  |i 5196868  |o 321.4 BOB 2001  |p 5196868  |r 2019-11-22  |w 2019-11-22  |y BK  |z Catalogado en:20150904  |k FIL